| 000 | 00516nam a2200181Ia 4500 | ||
|---|---|---|---|
| 003 | GCL | ||
| 008 | 140319s9999 xx 000 0 ara d | ||
| 040 |
_aGCL / _cGCL |
||
| 082 | 0 | 4 |
_a330.1 _bم ر |
| 100 | 1 | _aماركس, كارل | |
| 245 | 1 | 0 |
_aراس المال: نقد الاقتصاد السياسى / _cماركس, كارل |
| 260 |
_a[S.N] : _bمكتبة المعارف ، _c1985 |
||
| 490 | _a | ||
| 650 | 0 | 4 | _aالاقتصاد |
| 650 | 0 | 4 | _aنظريات |
| 650 | 0 | 4 | _aراس المال |
| 942 |
_2ddc _cBK |
||
| 999 |
_c29846 _d29846 |
||